| 000 | 01313 a2200277 4500 | ||
|---|---|---|---|
| 003 | Nust | ||
| 005 | 20220818104051.0 | ||
| 010 | _a 97043417 | ||
| 020 | _a0195123549 (cloth) | ||
| 040 | _cNust | ||
| 082 | 0 | 0 | _a621.3822,COO |
| 100 | 1 |
_aCooper, George R. _997943 |
|
| 245 | 1 | 0 |
_aProbabilistic methods of signal and system analysis / _cGeorge R. Cooper, Clare D. McGillem. |
| 250 | _a3rd ed. | ||
| 260 |
_aNew York : _bOxford University Press, _c1999. |
||
| 300 |
_axiii, 480 p. ; _c25 cm. |
||
| 440 | 4 |
_aThe Oxford series in electrical and computer engineering _997944 |
|
| 505 | _aIntroduction to Probability (Page-11), Random Variables (Page-52),Several Random Variables (Page-120), Elements of Statistics (Page-159), Random Processes (Page-189), Correlation Functions (Page-209), Spectral Density (Page-257), Response of Linear Systems to Random Inputs (Page-323), Optimum Linear Systems (Page-381), | ||
| 650 | 0 | _aProbabilities. | |
| 650 | 0 |
_aSystem analysis _xStatistical methods. _997945 |
|
| 650 | 0 | _aTelecommunication engineering | |
| 700 | 1 |
_aMcGillem, Clare D. _997946 |
|
| 856 | 4 | 2 |
_3Publisher description _uhttp://www.loc.gov/catdir/enhancements/fy0604/97043417-d.html |
| 856 | 4 | 2 |
_3Table of contents only _uhttp://www.loc.gov/catdir/enhancements/fy0604/97043417-t.html |
| 942 |
_cREF _2ddc |
||
| 999 |
_c175726 _d175726 |
||